Southville International School and Colleges
Your cart is empty.
  • Cart
  • Lists
    Public lists Eva Luna New books Lux_list list_1
    Your lists Log in to create your own lists
  • Log in to your account
  • Your cookies
  • Search history
Southville International School and Colleges
  • Advanced search
  • Recent comments
  • Most popular
  • Libraries

Log in to your account

Log in with GOOGLE


If you do not have an external account, but do have a local account, you can still log in:

  1. Home
  2. MARC view: Chinese theatre /
Normal view MARC view ISBD view

Chinese theatre / (Record no. 22179)

[ view plain ]
MARC details
000 -LEADER
fixed length control field 01022nam a2200229 a 4500
005 - DATE AND TIME OF LATEST TRANSACTION
control field 20140310183354.0
008 - FIXED-LENGTH DATA ELEMENTS--GENERAL INFORMATION
fixed length control field 120919s19uu xx 00 eng d
020 ## - INTERNATIONAL STANDARD BOOK NUMBER
International Standard Book Number 9780521186667
050 ## - LIBRARY OF CONGRESS CALL NUMBER
Classification number PN 2871
Item number .F8313 2012
100 ## - MAIN ENTRY--PERSONAL NAME
Personal name Fu, Jin
245 ## - TITLE STATEMENT
Title Chinese theatre /
Statement of responsibility, etc Fu Jin.
260 ## - PUBLICATION, DISTRIBUTION, ETC. (IMPRINT)
Place of publication, distribution, etc Cambridge ; New York, NY :
Name of publisher, distributor, etc Cambridge University Press,
Date of publication, distribution, etc 2012.
300 ## - PHYSICAL DESCRIPTION
Extent 137 p. :
Other physical details col. ill. ;
Dimensions 24 cm.
440 ## - SERIES STATEMENT/ADDED ENTRY--TITLE
Title Introductions to Chinese culture
500 ## - GENERAL NOTE
General note Uniform title Zhongguo xi ju. "Originally published by China Intercontinental Press as The art of Chinese theatre (9787508516837) in 2010"--T.p. verso. "Translated from the original Chinese by Wang Wenliang, Wang Huan, and Zhang Lina"--Cover flap.
520 ## - SUMMARY, ETC.
Summary, etc In this illustrated introduction Fu Jin explores the origins and development of Chinese theater from ancient opera to modern drama.
521 ## - TARGET AUDIENCE NOTE
Target audience note
650 ## - SUBJECT ADDED ENTRY--TOPICAL TERM
Topical term or geographic name as entry element Theater
General subdivision China
-- History
650 ## - SUBJECT ADDED ENTRY--TOPICAL TERM
Topical term or geographic name as entry element Chinese drama
General subdivision History and criticism
942 ## - ADDED ENTRY ELEMENTS (KOHA)
Koha item type Books
Source of classification or shelving scheme Library of Congress Classification
Call number prefix Foreign
Holdings
Withdrawn status Lost status Source of classification or shelving scheme Damaged status Home library Current library Shelving location Date acquired Total Checkouts Full call number Barcode Date last seen Copy number Price effective from Koha item type
    Library of Congress Classification   College Library College Library Reserve Section 01/22/2014   PN 2871 .F8313 2012 C15818 05/15/2018 1 01/22/2014 Books

Chinese theatre /

APA

Fu J., . (2012). Chinese theatre. Cambridge ; New York, NY: Cambridge University Press.

Chicago

Fu Jin, . 2012. Chinese theatre. Cambridge ; New York, NY: Cambridge University Press.

Harvard

Fu J., . (2012). Chinese theatre. Cambridge ; New York, NY: Cambridge University Press.

MLA

Fu Jin, . Chinese theatre. Cambridge ; New York, NY: Cambridge University Press. 2012.

  • Place hold
  • Print
  • Cite
  • Add to your cart (remove)
  • Save record
    BIBTEX Dublin Core MARCXML MARC (non-Unicode/MARC-8) MARC (Unicode/UTF-8) MARC (Unicode/UTF-8, Standard) MODS (XML) RIS
  • More searches
    Search for this title in:
    Other Libraries (WorldCat) Other Databases (Google Scholar) Online Stores (Bookfinder.com) Open Library (openlibrary.org)

Exporting to Dublin Core...

SOUTHVILLE LIBRARY

Southville International School and Colleges Library

1281 Tropical Ave. Cor. Luxembourg St., BF Homes International, Las Pinas City

Tel. No. 8256374 / 252358 Loc. 117/146

Powered by Koha